000
00346 a2200157 4500
001
73620
020
_a
040
_c
Anchieta - Colégio São Paulo
100
_a
Fonseca, João Justiniano da
240
1
0
_a
Terra inundada
_l
por
245
1
0
_a
Terra inundada
300
_a
180
362
0
_a
1986
650
4
_a
Ficção brasileira
942
_c
BK
999
_c
73620
_d
73620